[Event "CHN-ch Rapid Women 2017"]
[Site "Shenzhen"]
[Date "2017.12.07"]
[Round "3"]
[White "Gu, Tianlu"]
[Black "Guo, Qi"]
[Result "1/2-1/2"]
[WhiteElo "2197"]
[BlackElo "2396"]
[Annotator "TA"]
[PlyCount "95"]
[EventDate "2017.??.??"]
[EventType "rapid"]
[EventCountry "CHN"]
[SourceTitle "playchess.com"]
[Source "ChessBase"]
[SourceQuality "1"]

{[%evp 9,95,-27,-28,-23,-27,-28,-31,-17,-17,-17,-17,-17,-19,-12,0,0,0,0,9,-15,0,-5,-5,-49,0,-26,-5,-26,0,-32,-15,-36,-32,-65,-32,-34,-39,-51,-26,-40,-46,-53,-47,-133,-112,-211,-210,-314,-251,-493,-429,-468,-445,-922,-922,-986,-896,-880,-889,-879,-869,-858,-831,-923,0,0,0,0,0,0,0,0,0,0,0,0,0,0,0,0,0,0,0,0,0,0,0,0]} 1. Nf3 d5 2. g3 c5 3. d3 Nc6 4. Bg2 Nf6 5. O-O e5 {LiveBook: 342 Games} 6. Qe1 {A08: King's Indian Attack} (6. Bg5 Be7 7. Nfd2 Ng8 8. Bxe7 Ngxe7 9. c4 Be6 10. Nc3 O-O 11. a3 Rc8 12. b4 cxb4 13. axb4 Nxb4 14. Rxa7 dxc4 15. Nxc4 Bxc4 16. dxc4 Rxc4 {0-1 (97) Carlsen,M (2840)-Karjakin,S (2785) Doha 2016}) 6... Be7 7. e4 d4 8. a4 {Black is slightly better.} O-O $146 ({Predecessor:} 8... Qc7 9. Na3 b6 10. Nh4 g6 11. f4 Nd7 12. Nf3 f6 13. fxe5 Ndxe5 {1-0 (72) Gu,T (2281)-Guo,Y (1633) Zhongshan 2015}) 9. Na3 Be6 10. Ng5 Bd7 11. f4 Ne8 12. Nf3 f6 13. Nc4 {[%cal Rf4e5]} Qc7 14. Nh4 Nd6 15. Nxd6 Bxd6 16. Bd2 b6 17. Qe2 a6 {[%cal Ba7a6,Ba6b5,Bb5c4,Bc4c3][%mdl 32]} 18. b3 b5 19. fxe5 Bxe5 20. axb5 axb5 21. Nf5 Rxa1 22. Rxa1 c4 23. bxc4 bxc4 24. Qg4 {[%csl Gf5][%cal Rg4g7]} g6 {Hoping for ...Kh8.} 25. Nh6+ $1 Kh8 26. Qh4 (26. Qd1 $15) 26... Qb8 $36 {[%mdl 2048] Strongly threatening ...cxd3. Black is on the roll.} 27. Rf1 {[#]} (27. Ng4 $17 {keeps fighting.}) 27... c3 $1 $19 {[%cal Rc3d2]} 28. Bc1 (28. Bf4 $142) 28... Nb4 {[%cal Bc6b4,Bb4c2,Bc2e3][%mdl 32]} 29. Ba3 $2 (29. Bh3 Bxh3 30. Qxh3 Nxc2 31. Qe6) 29... Nxc2 30. Bxf8 Qxf8 31. Bh3 {[#]} (31. Ng4 $142 Bxg4 32. Qxg4) 31... Ne3 $1 {[%cal Re3f1]} 32. Ra1 g5 (32... Bb5 33. Be6 $19) 33. Qh5 Be8 34. Qe2 Qxh6 35. Be6 Qf8 36. Ra8 Qe7 $2 ({Black should play} 36... c2 $19 37. Qd2 Qe7) 37. Qh5 $1 $11 {The position is equal.} Qxe6 38. Rxe8+ {[#]} Qxe8 $1 {[%mdl 512]} 39. Qxe8+ Kg7 40. Qe7+ Kg6 41. Qe8+ Kh6 42. Qf8+ Kh5 43. Qf7+ Kh6 $1 44. Qf8+ Kg6 45. Qe8+ Kh6 46. Qf8+ Kg6 47. Qe8+ Kh6 48. Qf8+ {Precision: White = 39%, Black = 68%.} 1/2-1/2

[Event "CHN-ch Rapid Women 2017"]
[Site "Shenzhen"]
[Date "2017.12.07"]
[Round "3"]
[White "Wang, Doudou"]
[Black "Wang, Jue"]
[Result "0-1"]
[WhiteElo "2191"]
[BlackElo "2359"]
[Annotator "TA"]
[PlyCount "92"]
[EventDate "2017.??.??"]
[EventType "rapid"]
[EventCountry "CHN"]
[SourceTitle "playchess.com"]
[Source "ChessBase"]
[SourceQuality "1"]

{[%evp 13,92,-12,0,-32,-23,-49,-38,-49,-42,-42,-38,-43,-50,-54,-42,-38,-39,-45,-40,-69,-60,-67,-63,-64,-51,-90,-71,-74,-56,-66,-51,-61,-56,-113,-91,-91,-104,-59,-73,-69,-24,-160,-41,-49,0,0,0,0,41,0,97,0,0,0,17,-102,0,-172,-167,-150,-136,-212,-197,-201,-202,-183,-139,-126,-114,-282,-284,-282,-283,-446,-139,-276,-279,-263,-197,-684,-647]} 1. Nf3 Nf6 2. b3 g6 3. Bb2 Bg7 4. g3 d6 5. Bg2 O-O 6. O-O e5 {[%cal Be7e5,Be5e4][%mdl 32]} 7. c4 c6 {LiveBook: 39 Games. A15: English Opening: 1...Nf6} (7... c5 8. Nc3 Nc6 9. d3 Ne8 10. Nd2 Nc7 11. a3 a5 12. Nd5 Be6 13. e3 Rb8 14. Rb1 b5 15. cxb5 Bxd5 16. bxc6 Bxg2 17. Kxg2 Qe8 {½-½ (41) So,W (2815)-Carlsen,M (2832) chess.com INT 2017}) 8. d4 e4 9. Nfd2 d5 {Black is slightly better.} 10. Nc3 Re8 11. e3 Na6 12. a3 Nc7 13. b4 $146 Bg4 14. Qb3 Qd7 15. Rac1 h5 16. b5 {[#]} h4 $1 {[%mdl 512]} 17. a4 (17. gxh4 Bh3) 17... hxg3 18. fxg3 Bf5 19. Ne2 Ne6 {[%cal Bc7e6,Be6g5,Bg5h3][%mdl 32]} 20. Rce1 Ng5 21. Nf4 Nh3+ 22. Nxh3 Bxh3 23. Rf4 ({White should play} 23. Bxh3 $15 Qxh3 24. cxd5) 23... Bxg2 $17 24. Kxg2 dxc4 25. Nxc4 Nd5 26. Rf2 Rac8 27. Ba3 (27. b6 $11) 27... Re6 (27... Qe6 $1 $17 {...cxb5 is the strong threat.} 28. Rc2 cxb5 29. Qxb5 a6) 28. Kg1 $1 $15 f5 29. Bc5 b6 30. Ba3 Bf6 31. Bb2 Kg7 (31... cxb5 $11 32. axb5 Rc7) 32. Rc2 (32. Ne5 $1 $16 {[%cal Re5d7]} Bxe5 33. dxe5) 32... Ne7 $11 33. Rec1 Qd5 34. Nd2 (34. Ba3 $11 {keeps the balance.}) 34... Bg5 ({Better is} 34... Qxb3 $17 35. Nxb3 Kf7) 35. Kf2 $2 (35. Rc4 $11) 35... Qxb3 $19 36. Nxb3 Nd5 $36 {[%mdl 2048] Black has strong initiative.} 37. Re1 (37. Re2 $17) 37... Kf7 38. h4 {[#]} Bh6 $1 39. Ba3 g5 {White must now prevent ...gxh4.} 40. h5 f4 41. gxf4 $2 (41. g4 $17) 41... gxf4 42. exf4 Nxf4 ({Much less strong is} 42... Bxf4 43. Rxc6 Rcxc6 44. bxc6 $19) 43. Rf1 (43. d5 {is a better defense.} Nxd5 44. bxc6) 43... Ke8 $2 (43... e3+ $19 {has better winning chances.} 44. Kf3 Nxh5 45. Kg4+ {[#]} Nf4 $1 {[%mdl 512]} 46. Rxc6 Rg8+ 47. Kf3 e2) 44. bxc6 (44. Ke1 $17) 44... Rexc6 45. Rxc6 Rxc6 46. Bb4 $2 (46. Ke3) 46... Nd3+ {Precision: White = 39%, Black = 59%.} 0-1

[Event "CHN-ch Rapid Women 2017"]
[Site "Shenzhen"]
[Date "2017.12.07"]
[Round "3"]
[White "Zhang, Lanlin"]
[Black "Ni, Shiqun"]
[Result "1-0"]
[WhiteElo "2183"]
[BlackElo "2441"]
[Annotator "TA"]
[PlyCount "83"]
[EventDate "2017.??.??"]
[EventType "rapid"]
[EventCountry "CHN"]
[SourceTitle "playchess.com"]
[Source "ChessBase"]
[SourceQuality "1"]

{[%evp 22,83,1,4,8,0,0,0,0,0,37,16,34,28,47,0,0,0,0,0,0,-14,30,29,48,48,66,47,48,30,50,39,50,51,58,43,55,55,119,36,45,41,171,170,167,112,102,114,743,711,709,687,719,748,1089,949,1459,950,29982,29983,29987,29988,29988,1921]} 1. e4 e6 2. d3 c5 3. g3 Nc6 4. Bg2 g6 5. Ne2 Bg7 6. Nbc3 d6 7. O-O Nge7 8. Be3 Nd4 9. Rb1 O-O 10. b4 {B26: Closed Sicilian: 3 g3, lines with early Be3} Nxe2+ 11. Nxe2 cxb4 12. Rxb4 {LiveBook: 3 Games. The position is equal.} d5 13. c4 Nc6 $146 ({Predecessor:} 13... dxc4 14. Rxc4 b6 15. Ra4 Bd7 16. Ra3 Nc6 17. Qd2 Qe7 {0-1 (38) Westerinen,H (2385)-Komljenovic,D (2450) Benasque 1993}) 14. Rb1 {[%cal Re4d5]} dxc4 15. dxc4 Qe7 16. c5 Rd8 17. Qc1 Rb8 18. Bf4 ({White should try} 18. f4 $14) 18... e5 $11 19. Bg5 f6 20. Be3 Be6 21. Nc3 Bf8 22. Nd5 Qf7 23. f4 f5 24. fxe5 Nxe5 25. Bd4 Bg7 {Threatening ...Nf3+!} 26. Qc3 $36 {[%mdl 2048] White has the initiative.} Nc6 27. Bxg7 Qxg7 28. Nf6+ Kh8 29. e5 Nd4 {[#]} (29... Qc7 $14) 30. Rb2 (30. Rfe1 $1 $16) 30... Qc7 $14 31. Re1 {And now Rb4 would win.} b6 (31... Nc6 $14) 32. c6 $18 Rbc8 33. Rd2 (33. Qe3 $18) 33... Nb5 $16 34. Qb4 {[#] Hoping for Rxd8+.} a5 $2 {[%mdl 8192]} (34... Rxd2 $16 35. Qxd2 Qe7) 35. Rxd8+ $18 Qxd8 36. Qxb5 Qd4+ 37. Kh1 Bxa2 38. Qe2 Bc4 39. Qd1 Qxd1 40. Rxd1 {White mates.} a4 41. Rd7 {[%csl Gf6][%cal Rd7h7]} Bg8 42. Bd5 {Precision: White = 61%, Black = 25%.} (42. Nxg8 $142 Kxg8 43. Bd5+ Kf8 44. Rxh7 Rxc6 45. Bxc6 a3 46. e6 a2 47. Rf7+ Kg8 48. Ra7) 1-0

[Event "CHN-ch Rapid Women 2017"]
[Site "Shenzhen"]
[Date "2017.12.07"]
[Round "3"]
[White "Zhao, Shengxin"]
[Black "Xiao, Yiyi"]
[Result "0-1"]
[WhiteElo "2183"]
[BlackElo "2311"]
[Annotator "TA"]
[PlyCount "70"]
[EventDate "2017.??.??"]
[EventType "rapid"]
[EventCountry "CHN"]
[SourceTitle "playchess.com"]
[Source "ChessBase"]
[SourceQuality "1"]

{[%evp 19,70,-20,-21,-34,-11,-29,-8,-34,-18,-64,-57,-74,-18,-25,-19,-45,-25,-31,-15,-27,-4,-8,1,-37,0,-71,-16,-50,-35,-196,-208,-331,-315,-326,-325,-612,-493,-545,-531,-514,-521,-491,-472,-538,-537,-518,-516,-605,-605,-615,-582,-608,-587]} 1. d4 d5 2. Nf3 Nf6 3. c4 dxc4 4. e3 e6 5. Bxc4 a6 6. O-O c5 7. Nc3 b5 8. Be2 Bb7 9. Ne5 {D27: Queen's Gambit Accepted: Classical main line: 7 e4!? and 7 a4} (9. dxc5 Bxc5 10. Qxd8+ Kxd8 11. Nd2 Ke7 12. Nb3 Bb6 13. a4 b4 14. a5 Bc7 15. Na4 Nbd7 16. Bd2 Bd6 17. Rfc1 Rhc8 18. Nb6 Rxc1+ 19. Rxc1 Nxb6 20. axb6 {1-0 (31) Carlsen,M (2832)-So,W (2815) chess.com INT 2017}) 9... Nbd7 10. Bf3 Qc7 {LiveBook: 3 Games} 11. Qe2 $146 {The position is equal.} ({Predecessor:} 11. Bxb7 Qxb7 12. Nxd7 Qxd7 13. Qf3 Rc8 14. Rd1 cxd4 15. exd4 b4 16. Ne4 Nd5 {½-½ (42) Kociscak,J (2471)-Vykouk,J (2428) Czech Republic 2017}) 11... Bxf3 12. Nxf3 Bd6 13. h3 O-O 14. e4 {Threatening e5.} cxd4 15. Nxd4 Bc5 (15... b4 $17 16. Nb1 Rfc8) 16. Nf3 Ne5 17. Bg5 Nxf3+ 18. Qxf3 Nd7 19. Rac1 Qa7 20. Qg3 Bd4 21. Kh1 Nc5 22. Rfe1 (22. e5 $11 {keeps the balance.} Nd7 23. f4) 22... Kh8 (22... b4 $17 {aiming for ...f6.} 23. Rcd1 Nd7 24. Rxd4 Qxd4) 23. b4 Na4 $36 {[%mdl 2048] Black fights for an advantage.} 24. Nxa4 $2 ({White should play} 24. Be3 $15) 24... Bxf2 $19 25. Qd6 (25. Qf3 {is a better defense.} Bxe1 26. Be3) 25... Bxe1 ({And not} 25... bxa4 26. Red1 $15) 26. Nb6 {[#]} Bxb4 $1 27. Qd4 $2 (27. Qc6) (27. Qxb4 Qxb6) 27... e5 {Black is clearly winning.} 28. Qe3 Rab8 29. Nd5 Qxe3 30. Bxe3 Ba3 31. Rc3 Bb2 32. Rb3 Bd4 33. Bxd4 exd4 34. Rd3 Rbc8 35. Rxd4 Rc4 {Precision: White = 12%, Black = 38%.} 0-1

[Event "CHN-ch Rapid Women 2017"]
[Site "Shenzhen"]
[Date "2017.12.07"]
[Round "3"]
[White "Ning, Kaiyu"]
[Black "Yuan, Ye"]
[Result "1/2-1/2"]
[WhiteElo "2169"]
[BlackElo "2159"]
[Annotator "TA"]
[PlyCount "102"]
[EventDate "2017.??.??"]
[EventType "rapid"]
[EventCountry "CHN"]
[SourceTitle "playchess.com"]
[Source "ChessBase"]
[SourceQuality "1"]

{[%evp 9,102,0,27,29,27,22,26,27,41,40,42,21,29,29,38,14,42,33,19,24,41,39,56,45,58,8,13,3,41,0,15,8,15,0,19,14,12,5,10,0,0,0,0,0,58,85,150,166,126,130,150,106,66,57,52,41,53,50,88,20,23,31,49,39,82,43,55,0,0,0,1,0,0,0,0,0,0,0,0,0,0,0,0,0,0,0,0,8,8,0,0,0,0,0,0]} 1. d4 Nf6 2. Bf4 d5 3. e3 g6 4. Nc3 c6 (4... Bg7 5. Nf3 O-O 6. Be2 c5 7. O-O cxd4 8. exd4 Bg4 9. h3 Bxf3 10. Bxf3 Nc6 11. Ne2 b5 12. c3 e6 13. a3 a5 14. Nc1 b4 15. a4 Ne4 16. Bxe4 dxe4 {½-½ (85) Carlsen,M (2837)-Ding,L (2774) Saint Louis 2017}) 5. h4 h6 6. Nf3 {D00: 1 d4 d5: Unusual lines} Bg7 7. Ne5 Nbd7 $146 ({Predecessor:} 7... Nfd7 8. Qd2 Nxe5 9. Bxe5 Bxe5 10. dxe5 Be6 11. f4 {½-½ (60) Guelsen,T (2171)-Jahncke,G (2352) Heusenstamm 2017}) 8. Be2 {White has an edge.} Ne4 9. Nxe4 dxe4 10. Nxd7 Bxd7 11. c3 Be6 12. Qd2 Qa5 13. c4 Qxd2+ 14. Kxd2 O-O 15. Kc2 f5 16. a4 a5 17. c5 Bd5 18. Rab1 Ba2 19. Ra1 (19. Rbg1 {feels hotter.} Bd5 20. g4 Kh7 21. g5 h5 22. Kc3) 19... Bd5 20. Rhb1 Rfe8 21. Ra3 Kh7 22. b4 axb4 23. Rxb4 Ra7 24. Ra1 e5 25. dxe5 Bxe5 26. Rab1 Bxf4 (26... Kg8 $11) 27. Rxb7+ $14 Re7 ({Better is} 27... Rxb7 28. Rxb7+ Kg8) 28. Rxe7+ $16 Rxe7 29. exf4 {[%mdl 4096] [#] Endgame Black must now prevent a5. KRB-KRB} Ra7 30. Rb4 Ra5 31. h5 Rxc5+ 32. Kd2 gxh5 33. Bxh5 e3+ 34. fxe3 (34. Kxe3 $16 {Hoping for Rb7+.} Bxg2 35. Rb7+ Kh8 36. Ra7) 34... Bxg2 $11 35. Rb7+ Kg8 36. Bf7+ Kf8 37. Be6 {[#] And now Rf7+ would win.} Be4 38. Rh7 (38. Bb3 $1 $14) 38... Rc2+ {The position is equal.} 39. Kd1 Rc3 40. Rxh6 {aiming for Bxf5.} Ke7 41. Bc8 Rxe3 42. a5 {[%cal Ba4a5,Ba5a6][%mdl 32]} Kd8 43. Bb7 Kc7 44. Rh7+ Kb8 45. a6 Ra3 46. Kc1 c5 47. Kb2 Ra5 48. Bxe4 fxe4 49. Re7 {a7+! is the strong threat.} Rxa6 50. Rxe4 Kc7 51. Kc3 Kd6 {Precision: White = 43%, Black = 54%.} 1/2-1/2

[Event "CHN-ch Rapid Women 2017"]
[Site "Shenzhen"]
[Date "2017.12.07"]
[Round "3"]
[White "Chu, Ruotong"]
[Black "Li, Xueyi"]
[Result "0-1"]
[WhiteElo "2166"]
[BlackElo "2190"]
[Annotator "TA"]
[PlyCount "44"]
[EventDate "2017.??.??"]
[EventType "rapid"]
[EventCountry "CHN"]
[SourceTitle "playchess.com"]
[Source "ChessBase"]
[SourceQuality "1"]

{[%evp 13,44,21,6,-13,-12,-16,15,10,11,-25,-8,-10,-10,-79,-89,-141,-145,-155,-148,-325,-271,-618,-602,-1235,-1197,-1190,-1189,-2599,-2525,-2083,-2034,-29985,-1899]} 1. d4 d5 2. Nf3 Nf6 3. c4 e6 4. g3 c6 5. Bg2 dxc4 6. Ne5 c5 {E04: Katalanisch} (6... Bb4+ 7. Nc3 Nd5 8. Bd2 Nb6 9. Ne4 Bxd2+ 10. Qxd2 O-O 11. Rc1 N8d7 12. Nd6 Qe7 13. Ndxc4 Nxc4 14. Nxc4 e5 {1-0 (30) Bindrich,F (2604)-Lenic,L (2650) Austria 2017}) 7. Qa4+ Nbd7 {LiveBook: 6 Partien} 8. Qxc4 (8. Be3 {is more complex.} Nd5 9. Bxd5 cxd4 10. Bxd4 exd5 11. Nc3) 8... cxd4 {Die Stellung ist ausgeglichen.} 9. Nxd7 $146 ({Vorgänger:} 9. Qxd4 Qa5+ 10. Nc3 Qxe5 11. Qxe5 Nxe5 12. Nb5 Bb4+ 13. Kf1 O-O 14. Bf4 {0-1 (21) Senay,B (1865)-Colpe,M (2089) Arendsee 2008}) 9... Qxd7 10. O-O Be7 11. Rd1 e5 12. e3 {[%cal Re3d4]} Qg4 13. f3 (13. Qf1 $11) 13... Qe6 $17 14. Qb5+ (14. Qxe6 $142 Bxe6 15. exd4) 14... Bd7 15. Qxb7 {[#]} O-O $1 $36 {[%mdl 2048] Weiss steht unter starkem Druck.} 16. f4 $2 (16. Qb3 $17 {war nötig.}) 16... Rab8 17. Qxa7 $2 (17. Qf3 dxe3 18. Bxe3) 17... Rfc8 $19 {zielt auf ...Lc5 ab.} 18. fxe5 Bc5 19. Qa5 dxe3 20. Bxe3 Bxe3+ 21. Kh1 Ng4 {( -> ...Sf2+)} 22. Re1 Bb6 {Precision: Weiß = 19%, Schwarz = 84%.} (22... Bc6 $142 23. Rxe3 Qh6 24. h4 Qxe3 25. Qd2 {[#]} Rxb2 $1 {[%mdl 512]} 26. e6 Qxg3 27. exf7+ Kf8 28. Qd6+ Qxd6 29. Kg1 Bxg2 30. h5 Qh2#) 0-1

[Event "CHN-ch Rapid Women 2017"]
[Site "Shenzhen"]
[Date "2017.12.07"]
[Round "4"]
[White "Ni, Shiqun"]
[Black "Ning, Kaiyu"]
[Result "1-0"]
[WhiteElo "2441"]
[BlackElo "2169"]
[Annotator "TA"]
[PlyCount "103"]
[EventDate "2017.??.??"]
[EventType "rapid"]
[EventCountry "CHN"]
[SourceTitle "playchess.com"]
[Source "ChessBase"]
[SourceQuality "1"]

{[%evp 23,103,73,60,56,62,64,72,57,96,54,81,52,53,58,54,49,75,47,75,68,105,10,62,57,71,80,64,69,50,58,84,68,109,93,137,137,137,142,133,70,69,85,448,190,196,180,181,173,202,195,181,102,142,141,157,139,148,139,214,192,198,96,94,70,78,67,71,67,168,181,154,91,68,65,385,105,576,564,819,799,919,954]} 1. e4 e6 2. d4 d5 3. Nd2 dxe4 4. Nxe4 Bd7 5. Nf3 Bc6 6. Bd3 Nd7 7. O-O Ngf6 8. Ned2 Be7 9. Re1 O-O 10. c3 {C10: French with 3 Nc3: Unusual Black 3rd moves and 3...dxe4} Re8 (10... b6 11. b4 Bb7 12. Rb1 c5 13. bxc5 Nxc5 14. Bc2 Ncd7 15. c4 Rc8 16. Rb3 Ba6 17. Ne5 g6 18. Rh3 Bb4 19. Ba3 Qe7 20. Bxb4 Qxb4 21. a3 Qd6 22. Ba4 {½-½ (22) Istratescu,A (2592)-Rozentalis,E (2593) Drancy 2016}) 11. Nc4 Bxf3 12. Qxf3 c6 {LiveBook: 5 Games} 13. Bf4 Nf8 14. Rad1 Ng6 15. Bg3 Rc8 $146 ({Predecessor:} 15... Nd5 16. h3 {1-0 (48) El Arousy,A (2371)-Poulsen,M (2285) Dubai 2005}) 16. a4 Qd5 17. Qe2 Nh5 18. Qc2 Nxg3 19. hxg3 Rcd8 20. a5 Bf6 21. b4 Qd7 22. Qe2 (22. g4 $16) 22... Qc7 (22... Ne7 $11) 23. Qh5 $14 Rd5 24. Qh3 Nf8 25. Ne3 {[%cal Bc4e3,Be3g4,Bg4e5][%mdl 32]} Rdd8 26. Ng4 Qe7 27. Be4 a6 28. Rd3 Ng6 29. Rf3 Bg5 30. Ne5 f5 {And now ...Nxe5 would win.} 31. Bc2 (31. Nxg6 $16 hxg6 32. Bc2) 31... Nxe5 32. Rxe5 {Strongly threatening Bxf5!} Rd5 $2 {[%mdl 8192] [#]} (32... g6 $16) 33. Re2 (33. Bxf5 $142 $1 {[%mdl 512]} exf5 34. Rxe7 Rxe7 35. Rxf5) 33... g6 $18 34. g4 f4 35. Bb3 Rd6 36. Re4 Kg7 37. Rd3 ({White should try} 37. g3 $18 fxg3 38. Qxg3) 37... Qf6 38. Re5 Red8 {White must now prevent ...Qxe5!} 39. Bc4 h6 40. Qf3 R8d7 (40... Re8 $16 {was necessary.} 41. Rd1 Rd7) 41. Qe2 Re7 42. Rd1 (42. Rf3 $18 {is more deadly.}) 42... f3 $16 43. gxf3 Bf4 44. Re4 e5 45. Kg2 {Hoping for dxe5.} Qh4 (45... h5 $1 $14) 46. Rh1 $36 {[%mdl 2048] White is on the roll.} Qf6 47. Re1 ({Better is} 47. dxe5 Rxe5 48. Re1 Rxe4 49. Qxe4) 47... Qg5 $16 48. Bb3 {[%cal Rd4e5]} Red7 $2 {[%mdl 8192] [#]} ({Black should play} 48... h5 $14) 49. Rd1 $2 (49. Qc4 $1 $18 {[%cal Rc4g8] is the precise move to win. White wants to mate with Qg8+.} Rd5 50. dxe5) 49... Qh4 $2 {[%mdl 8192]} (49... Rd8 $16 {is a better chance.}) 50. Rh1 $18 {White is clearly winning.} Qg5 51. dxe5 Rd2 52. Qc4 {Precision: White = 47%, Black = 36%.} 1-0

[Event "CHN-ch Rapid Women 2017"]
[Site "Shenzhen"]
[Date "2017.12.07"]
[Round "4"]
[White "Guo, Qi"]
[Black "Zhu, Jiner"]
[Result "1/2-1/2"]
[WhiteElo "2396"]
[BlackElo "2324"]
[Annotator "TA"]
[PlyCount "87"]
[EventDate "2017.??.??"]
[EventType "rapid"]
[EventCountry "CHN"]
[SourceTitle "playchess.com"]
[Source "ChessBase"]
[SourceQuality "1"]

{[%evp 14,87,0,0,0,7,0,0,0,-7,0,-39,-32,-26,-27,-62,-62,-64,-49,-67,-45,-40,0,-19,-17,-17,41,14,14,-36,-36,-70,0,-74,-46,-138,-132,-157,-161,-153,-156,-148,-141,-148,-141,-162,-126,-245,-213,-229,-107,-156,-131,-252,-256,-236,-58,-80,0,0,0,0,0,0,0,0,0,0,0,0,0,0,0,0,0,0]} 1. d4 Nf6 2. c4 b6 3. Nc3 Bb7 4. Nf3 e6 5. Bg5 Bb4 6. Qb3 a5 7. a3 Bxc3+ {E12: Queen's Indian: Unusual White 4th moves, 4 a3, 4 Nc3 Bb7 5 a3 and 4 Nc3 Bb7} 8. Qxc3 {LiveBook: 8 Games} h6 9. Bh4 d6 10. Qc2 $146 ({Predecessor:} 10. Nd2 Nbd7 11. f3 O-O 12. e3 c5 13. dxc5 bxc5 14. Be2 Qb6 {1-0 (46) Almeida Quintana,O (2548)-Mascaro March,P (2413) Arinsal 2011}) 10... Nbd7 11. e3 Qe7 12. Be2 g5 13. Bg3 Ne4 14. d5 Ndc5 15. Rd1 a4 16. Nd4 e5 17. Nb5 f5 {[%cal Bf7f5,Bf5f4][%mdl 32]} 18. f3 Nxg3 19. hxg3 Qf7 (19... O-O-O $11) 20. Bd3 Bc8 21. e4 {[%cal Re4f5]} f4 22. g4 Kd8 (22... h5 $1 $15) 23. Qe2 (23. Rh5 $1 $11 {remains equal.}) 23... Bd7 24. Nc3 {[#]} (24. Rh5 $15) 24... h5 $1 $17 25. Bc2 Ke7 26. gxh5 Rxh5 27. Kd2 Rah8 28. Rxh5 Rxh5 29. Rg1 Rh2 30. Qd1 {[#]} (30. Qf1 $17) 30... g4 $1 $19 {[%mdl 512]} 31. Kc1 {[%cal Rc3a4]} (31. fxg4 f3) 31... Qg6 (31... Qh5 $19 {is more deadly.} 32. Kb1 Qh4 33. fxg4 Bxg4) 32. Kb1 Qh5 33. Bxa4 (33. fxg4 $17 Bxg4 34. Qe1) 33... Nxa4 34. Nxa4 {[#]} gxf3 $2 (34... Qh4 $1 $19 {[%cal Rh4f2] White must now prevent ...Qf2.} 35. Nc3 Qf2 36. fxg4 Bxg4) 35. gxf3 $15 Bxa4 (35... Qh4 $17) 36. Qxa4 $11 {Strongly threatening Rg7+.The position is equal.} Rxb2+ 37. Kxb2 {Rg7+ would kill now.} Qh2+ 38. Kb3 {Threatening mate with Rg7+.} Qxg1 {[%mdl 4096] Endgame KQ-KQ} 39. Qc6 Qd1+ 40. Kb4 Qd2+ 41. Kb3 Qd1+ 42. Kb4 Qd2+ 43. Kb3 Qd1+ 44. Kb4 {Precision: White = 30%, Black = 54%.} 1/2-1/2

[Event "CHN-ch Rapid Women 2017"]
[Site "Shenzhen"]
[Date "2017.12.07"]
[Round "4"]
[White "Wang, Jue"]
[Black "Li, Xueyi"]
[Result "1-0"]
[WhiteElo "2359"]
[BlackElo "2190"]
[Annotator "TA"]
[PlyCount "83"]
[EventDate "2017.??.??"]
[EventType "rapid"]
[EventCountry "CHN"]
[SourceTitle "playchess.com"]
[Source "ChessBase"]
[SourceQuality "1"]

{[%evp 12,83,34,28,29,31,43,-26,-10,-18,-31,-27,37,0,0,-7,12,-3,19,0,45,30,97,-37,-34,-53,12,6,13,-16,-15,-7,-15,-14,62,50,37,13,17,16,30,-40,-16,-37,-40,-118,-131,-127,-142,-123,71,-89,-89,-103,16,14,110,102,104,-32,106,98,374,366,366,354,516,460,891,549,535,510,795,795]} 1. e4 c6 2. d4 d5 3. e5 Bf5 4. Nf3 e6 5. Be2 h6 (5... Ne7 6. c3 Nd7 7. O-O h6 8. Nbd2 g5 9. Re1 Qc7 10. Nf1 Bh7 11. Ng3 Nf5 12. Bd3 Nxg3 13. Bxh7 Rxh7 14. fxg3 Be7 15. Qd3 Rg7 {½-½ (33) Topalov,V (2749)-Nakamura,H (2774) Saint Louis 2017}) 6. c3 {B12: Caro-Kann: Advance Variation} Ne7 7. O-O {LiveBook: 46 Games} g5 8. Ne1 {White has an edge.} Bg7 $146 ({Predecessor:} 8... Rg8 9. a4 Nd7 10. a5 a6 11. b4 Qc7 12. Nd3 f6 13. Bh5+ Kd8 14. f4 {1-0 (47) Manik,M (2426)-Pedersen,F (2340) Ohrid 2009}) 9. Bh5 {[#]} (9. Nd3 $14) 9... c5 $1 $11 {[%mdl 512]} 10. Na3 (10. dxc5 Nd7) 10... cxd4 11. cxd4 a6 (11... O-O $11) 12. f4 gxf4 13. Bxf4 Nbc6 14. Qd2 Qb6 15. Be3 $1 Bg6 16. Bxg6 fxg6 (16... Nxg6 $11 17. Nd3 Nce7) 17. Nf3 (17. Nd3 $1 $16) 17... Nf5 $15 18. Bf2 g5 ({Black should play} 18... O-O $15) 19. h3 O-O-O 20. Nc2 Bf8 21. Rab1 Bb4 22. Qd3 Rdg8 (22... Be7 $11) 23. g4 $1 $14 {[%cal Rg4f5]} Ng7 $1 24. a3 Be7 25. b4 Qb5 26. Qc3 (26. Qb3 $11) 26... Rf8 27. Kg2 h5 28. a4 (28. Be3 $1 $15) 28... Qxa4 $17 ({Don't take} 28... Qe2 29. Rfe1 $15) 29. Be3 hxg4 30. hxg4 Qb5 $2 {[#]} (30... Ne8 $17 31. Rh1 Rxh1 32. Rxh1 Nc7 33. Nxg5 Bxg5 34. Bxg5 Rg8) 31. Rf2 $2 (31. Na3 $1 $16 {[%cal Ra3b5] is necessary to keep the advantage.} Qa4 32. b5 axb5 33. Nxb5) 31... Qb6 32. Qd3 Bd8 (32... Ne8 $17 33. b5 axb5 34. Qxb5 Qxb5 35. Rxb5 Nc7) 33. b5 $11 {next Na3 is good for White.} axb5 (33... a5 $11 {keeps the balance.}) 34. Rxb5 $16 Qa6 35. Qb3 (35. Nce1 $16) 35... Rf7 {[#]} (35... Ne8 $15 {keeps the upper hand.}) 36. Nce1 $1 Rhf8 $2 {[%mdl 8192]} (36... Na5 $16 {is a better defense.} 37. Rc2+ Rc7 38. Rxc7+ Kxc7) 37. Ra2 $18 Ba5 38. Bd2 {[%cal Rd2a5]} (38. Nxg5 Re7 $18) (38. Bxg5 b6 $14) 38... b6 (38... Rxf3 {was called for.} 39. Nxf3 Rxf3 40. Qxf3 Qxb5) 39. Bxa5 {White is clearly winning.} Nxa5 (39... bxa5 $142 40. Rc2 Rb7) 40. Rxb6 {Threatens to win with Qc3+.} Nxb3 41. Rbxa6 Nc1 (41... Rf4 $142 42. Ra8+ Kd7 43. Rxf8 Rxf8) 42. Rc6+ {Precision: White = 37%, Black = 24%.} 1-0